Normal view
MARC view
- Kearey, P.
Entry Personal Name
001 - CONTROL NUMBER
- control field: 15225
003 - CONTROL NUMBER IDENTIFIER
- control field: NUST
005 - DATE AND TIME OF LATEST TRANSACTION
- control field: 20190620113559.0
008 - FIXED-LENGTH DATA ELEMENTS
- fixed length control field: 190620|| aca||aabn | a|a d
040 ## - CATALOGING SOURCE
- Original cataloging agency: NUST
- Transcribing agency: NUST
100 ## - HEADING--PERSONAL NAME
- Personal name: Kearey, P.
670 ## - SOURCE DATA FOUND
- Source citation: Work cat.: (NUST)0: Kearey, P., Global tectonics /, c1996.
